Central Library OPAC University of Rajshahi

ছন্দ-সোপান / (Record no. 41487)

MARC details
000 -LEADER
fixed length control field 00799nam a2200229 a 4500
001 - CONTROL NUMBER
control field 41487
003 - CONTROL NUMBER IDENTIFIER
rucl marc code BD-RjUL
005 - DATE AND TIME OF LATEST TRANSACTION
control field 20211209053409.0
008 - FIXED-LENGTH DATA ELEMENTS--GENERAL INFORMATION
fixed length control field 160531s1990 ii ||||| |||| 00| 0 ben d
020 ## - INTERNATIONAL STANDARD BOOK NUMBER
Terms of availability : Tk. 6.00
035 ## - SYSTEM CONTROL NUMBER
System control number (BD-RjUL) 41605
040 ## - CATALOGING SOURCE
Original cataloging agency BD-RjUL
Language of cataloging ben
Transcribing agency BD-RjUL
041 ## - LANGUAGE CODE
Language code of text/sound track or separate title ben
082 ## - DEWEY DECIMAL CLASSIFICATION NUMBER
Edition number 23
Classification number 491.445
Author mark and year SEC 1990
100 1# - MAIN ENTRY--PERSONAL NAME
Personal name সেন, প্রবোধচন্দ্র
9 (RLIN) 118302
245 10 - TITLE STATEMENT
Title ছন্দ-সোপান /
Statement of responsibility, etc. প্রবোধচন্দ্র সেন
260 ## - PUBLICATION, DISTRIBUTION, ETC. (IMPRINT)
Place of publication, distribution, etc. কলকাতা :
Name of publisher, distributor, etc. অণিমা প্রকাশনী,
Date of publication, distribution, etc. ১৯৯০
300 ## - PHYSICAL DESCRIPTION
Pagination ৩২ পৃ. ;
Size ২০ সেমি.
650 ## - SUBJECT ADDED ENTRY--TOPICAL TERM
Topical term or geographic name as entry element বাংলা ভাষা
General subdivision ব্যাকরণ
9 (RLIN) 123025
Topical term or geographic name as entry element Bengali Language
General subdivision Grammar
9 (RLIN) 123699
942 ## - ADDED ENTRY ELEMENTS (KOHA)
Source of classification or shelving scheme Dewey Decimal Classification
Koha item type Books
Holdings
Lost status Source of classification or shelving scheme Damaged status Not for loan Collection code Permanent Location Current Location Shelving location Date acquired Source of acquisition Cost, normal purchase price Total Checkouts Full call number Date last seen Date checked out Copy number Koha item type
  Dewey Decimal Classification     Non-fiction Central Library, University of Rajshahi Central Library, University of Rajshahi   23/12/1996 Angkur Prokashan, Dhaka 6.00 1 B 491.445 SEC 1990 22/04/2018 28/03/2018 C-2 Books